Administración de recursos humanos./ (Registro nro. 9034)
[ vista simple ]
| 000 -LEADER | |
|---|---|
| fixed length control field | 01226nam a2200205Ia 4500 |
| 005 - FECHA Y HORA DE LA ÚLTIMA TRANSACCIÓN | |
| control field | 20250606140501.0 |
| 008 - FIXED-LENGTH DATA ELEMENTS--GENERAL INFORMATION | |
| fixed length control field | 230823s9999 xx 000 0 und d |
| 020 ## - INTERNATIONAL STANDARD BOOK NUMBER | |
| International Standard Book Number | 987-946-002-2 |
| 040 ## - CATALOGING SOURCE | |
| Original cataloging agency | UPAN |
| Transcribing agency | Biblioteca San Vicente |
| Description conventions | RCAA2 |
| 041 ## - LANGUAGE CODE | |
| Language code of text/sound track or separate title | spa |
| 082 ## - DEWEY DECIMAL CLASSIFICATION NUMBER | |
| Classification number | 653.3 |
| Item number | M375a |
| año de publicación | 2000 |
| 100 ## - MAIN ENTRY--PERSONAL NAME | |
| Personal name | Maristany, Jaime |
| Relator code | aut. |
| 245 #0 - TITLE STATEMENT | |
| Title | Administración de recursos humanos./ |
| Statement of responsibility, etc | Jaime Maristany |
| 250 ## - EDITION STATEMENT | |
| Edition statement | 1° ed. |
| 260 ## - PUBLICATION, DISTRIBUTION, ETC. (IMPRINT) | |
| Place of publication, distribution, etc | Buenos Aires: |
| Name of publisher, distributor, etc | Prentice Hall, |
| Date of publication, distribution, etc | 2000 |
| 300 ## - PHYSICAL DESCRIPTION | |
| Extent | 360 p.; |
| Dimensions | 23 cm. |
| 505 ## - FORMATTED CONTENTS NOTE | |
| Formatted contents note | 1. Recursos humanos<br/>2. Organización<br/>3. Entorno legal y sindicatos<br/>4. Management<br/>5. Motivacion <br/>6. El sistema de poder define la política<br/>7. Comunicaciones<br/>8. Cultura<br/>9. Cambio<br/>10. Otros aspectos: discriminación, ética y salud<br/>11. Planificación estratégica<br/>12. Descripción de tareas<br/>13. Selección<br/>14. Evaluación de tareas<br/>15. Encuesta de remuneraciones<br/>16.Escala de administración de remuneraciones<br/>17. Administración de remuneraciones<br/>18. Desarrollo de personal<br/>19. Evaluación de desempeño<br/>20. Potencial <br/>21. Planeamiento de carrera y cuadros de reemplazo<br/>22. Administración de capacitación<br/>23. Evaluación 360 <br/> |
| 650 ## - SUBJECT ADDED ENTRY--TOPICAL TERM | |
| Source of heading or term | LEMB |
| General subdivision | Recursos humanos |
| 942 ## - ADDED ENTRY ELEMENTS (KOHA) | |
| Koha item type | Libros |
| Source of classification or shelving scheme | Dewey Decimal Classification |
| Withdrawn status | Lost status | Source of classification or shelving scheme | Damaged status | Not for loan | Collection code | Home library | Current library | Date acquired | Total Checkouts | Full call number | Barcode | Date last seen | Copy number | Price effective from | Koha item type |
|---|---|---|---|---|---|---|---|---|---|---|---|---|---|---|---|
| Dewey Decimal Classification | Colección General | Biblioteca UPAN San Vicente | Biblioteca UPAN San Vicente | 23/08/2023 | 653.3 M375a | 12001701 | 23/08/2023 | 01 | 23/08/2023 | Libros | |||||
| Dewey Decimal Classification | Colección General | Biblioteca UPAN San Vicente | Biblioteca UPAN San Vicente | 30/08/2023 | 653.3 M375a | 12001700 | 30/08/2023 | 02 | 30/08/2023 | Libros | |||||
| Dewey Decimal Classification | Colección General | Biblioteca UPAN San Vicente | Biblioteca UPAN San Vicente | 30/08/2023 | 653.3 M375a | 12001699 | 30/08/2023 | 03 | 30/08/2023 | Libros |